000 00755nam a2200253Ia 4500
003 OSt
005 20221005044032.0
006 a|||||r|||| 00| 0
007 ta
008 221004b |||||||| |||| 00| 0 eng d
020 _a0824817028 (hbk)
_c1066.77
024 _a87529
037 _b11425, 10/01/2008, Overseas Press
_cTextual
040 _aCRL
_cCRL
_beng
041 _2eng
_aeng
082 _aR4,(Q4)'D, N5
100 _aKalupahana David J.
245 0 _aEthics in early buddhism
260 _aHonolulu
_bUniversity of Hawaii Press Hawaii
_c1995
300 _avii,171p.
_ccm.
650 _aPHILOSOPHY
942 _hR4,(Q4)'D, N5
_cTEXL
_2cc
999 _c952788
_d952788